Folklór a monopol (Nad osudy lidové slovesnosti v SNDK)

Podrobná bibliografia
Hlavný autor: Červenka, Jan, 1925-1991 (Autor)
Médium: Článok
Jazyk:čeština
Predmet:

MARC

LEADER 00000nab a2200000uu 4500
001 vtls011506363
003 SK-MaSNL
005 20260304030017.0
008 250310|1970 xo |||||||||||||||||cze|
015 |a SNBRB 
035 |a (urnnbn)urn:nbn:sk:snk:ar-a0avwy 
035 |a (uuid)d57095d0-9cab-4a69-8aa1-da1347554877 
035 |a urn:nbn:sk:snk-abdzkd 
040 |a SNKBUCL  |b slo  |c SNKBUCL  |e AACR2 
041 0 |a cze 
044 |a xo  |c SK 
100 1 |a Červenka, Jan,  |d 1925-1991  |4 aut  |9 159964 
245 1 0 |a Folklór a monopol  |b (Nad osudy lidové slovesnosti v SNDK)  |c Jan Červenka 
610 2 7 |a Státní nakladatelství dětské knihy  |2 SNKKA  |9 52348 
650 0 7 |a ľudová slovesnosť  |2 SNKPH  |9 67005 
655 7 |a štúdie  |2 SNKPH  |9 57033 
773 0 |t Zlatý máj : kritická revue tvorby pro mládež  |g Roč. 14, č. 1 (1970), s. [10]-[14] 
958 |a OND 
958 |a article20 
999 |c 2631176  |d 2633106